000 00437ntaaa2200181 4500
003 01
005 20251027202116.0
008 0714s1973 ag 01
040 _aAR-BaBN
_bspa
_cAR-BaBN
_eaacr
_dRIC
082 _a252.6000 H74
100 _aHolt, John A
_919548
245 _aSermons for special Sundays
250 _a1 ed.
260 _aNashville :
_bBroadman Press,
_c1963
300 _a116 p
650 _asermones
_9362
942 _cBK
999 _c15946
_d15946